[Event "Hastings Masters 2016/17"]
[Site "Hastings, England"]
[Date "2017.01.01"]
[Round "5.1"]
[White "Karthikeyan, Murali"]
[Black "Rasmussen, Allan Stig"]
[Result "0-1"]
[WhiteElo "2530"]
[BlackElo "2502"]
[PlyCount "0"]
[EventDate "2016.12.28"]

1. e4 {[%clk 1:40:58]} c6 {[%clk 1:40:54]} 2. Nf3 {[%clk 1:40:48]} d5
{[%clk 1:41:18]} 3. Nc3 {[%clk 1:41:12]} Nf6 {[%clk 1:41:18]} 4. e5
{[%clk 1:41:35]} Ne4 {[%clk 1:41:44]} 5. d4 {[%clk 1:41:59]} Nxc3
{[%clk 1:41:21]} 6. bxc3 {[%clk 1:42:27]} e6 {[%clk 1:37:30]} 7. Bd3
{[%clk 1:42:24]} Qa5 {[%clk 1:24:46]} 8. Bd2 {[%clk 1:31:17]} c5 {[%clk 1:25:02]}
9. Ng5 {[%clk 1:26:04]} c4 {[%clk 1:10:00]} 10. Qf3 {[%clk 0:56:14]} Qc7
{[%clk 1:08:20]} 11. Bxh7 {[%clk 0:55:26]} Qe7 {[%clk 1:02:58]} 12. h4
{[%clk 0:55:35]} Kd7 {[%clk 1:01:30]} 13. Rb1 {[%clk 0:30:12]} Nc6
{[%clk 0:58:35]} 14. h5 {[%clk 0:25:07]} Kc7 {[%clk 0:54:32]} 15. Rh4
{[%clk 0:24:19]} Rxh7 {[%clk 0:43:43]} 16. Rf4 {[%clk 0:24:29]} Qxg5
{[%clk 0:43:56]} 17. Rxf7+ {[%clk 0:24:57]} Qe7 {[%clk 0:44:09]} 18. Rxf8
{[%clk 0:16:35]} Nd8 {[%clk 0:41:15]} 19. g4 {[%clk 0:15:57]} Bd7
{[%clk 0:39:23]} 20. Ke2 {[%clk 0:11:06]} Ba4 {[%clk 0:36:55]} 21. Rg8
{[%clk 0:06:54]} Bxc2 {[%clk 0:34:47]} 22. Rb5 {[%clk 0:07:19]} Bd3+
{[%clk 0:34:13]} 23. Ke1 {[%clk 0:04:45]} b6 {[%clk 0:28:44]} 24. Rxd5
{[%clk 0:05:00]} exd5 {[%clk 0:28:24]} 25. Qxd5 {[%clk 0:05:28]} Rb8
{[%clk 0:20:31]} 26. Qf3 {[%clk 0:00:38]} Qf7 {[%clk 0:18:16]} 27. Bf4
{[%clk 0:00:47]} Ne6 {[%clk 0:16:38]} 0-1

[Event "Hastings Masters 2016/17"]
[Site "Hastings, England"]
[Date "2017.01.01"]
[Round "5.2"]
[White "Sengupta, Deep"]
[Black "Hebden, Mark L"]
[Result "1/2-1/2"]
[WhiteElo "2575"]
[BlackElo "2492"]
[PlyCount "0"]
[EventDate "2016.12.28"]

1. e4 {[%clk 1:40:52]} e5 {[%clk 1:40:49]} 2. Nf3 {[%clk 1:41:18]} Nc6
{[%clk 1:41:09]} 3. Bb5 {[%clk 1:41:44]} a6 {[%clk 1:41:30]} 4. Ba4
{[%clk 1:42:09]} Nf6 {[%clk 1:41:52]} 5. O-O {[%clk 1:42:34]} Be7
{[%clk 1:41:45]} 6. Re1 {[%clk 1:42:59]} b5 {[%clk 1:41:58]} 7. Bb3
{[%clk 1:43:24]} O-O {[%clk 1:42:00]} 8. d4 {[%clk 1:43:04]} d6 {[%clk 1:40:47]}
9. c3 {[%clk 1:42:47]} Bg4 {[%clk 1:40:43]} 10. Be3 {[%clk 1:43:11]} Bh5
{[%clk 1:38:56]} 11. Nbd2 {[%clk 1:43:23]} Na5 {[%clk 1:35:09]} 12. Bc2
{[%clk 1:43:43]} Ng4 {[%clk 1:34:52]} 13. b4 {[%clk 1:43:52]} Nxe3
{[%clk 1:32:40]} 14. fxe3 {[%clk 1:44:17]} Nb7 {[%clk 1:30:29]} 15. a4
{[%clk 1:35:15]} c5 {[%clk 1:28:56]} 16. axb5 {[%clk 0:56:41]} axb5
{[%clk 1:28:57]} 17. Rxa8 {[%clk 0:46:21]} Qxa8 {[%clk 1:29:19]} 18. bxc5
{[%clk 0:46:43]} dxc5 {[%clk 1:29:27]} 19. Qb1 {[%clk 0:47:09]} b4
{[%clk 1:24:57]} 20. Nxe5 {[%clk 0:42:37]} bxc3 {[%clk 1:24:38]} 21. Ndf3
{[%clk 0:42:18]} cxd4 {[%clk 1:19:11]} 22. exd4 {[%clk 0:42:19]} Nd6
{[%clk 1:19:23]} 23. Qb3 {[%clk 0:29:57]} Rc8 {[%clk 1:08:21]} 24. Kh1
{[%clk 0:29:18]} Qb7 {[%clk 1:02:00]} 25. Qxb7 {[%clk 0:24:58]} Nxb7
{[%clk 1:02:23]} 26. g4 {[%clk 0:24:53]} Bg6 {[%clk 1:02:29]} 27. Nxg6
{[%clk 0:25:16]} hxg6 {[%clk 1:02:40]} 28. e5 {[%clk 0:25:44]} Na5
{[%clk 1:00:03]} 29. d5 {[%clk 0:17:13]} Nc4 {[%clk 0:59:52]} 30. d6
{[%clk 0:13:28]} Bd8 {[%clk 0:59:16]} 31. Bb3 {[%clk 0:06:14]} Nd2
{[%clk 0:56:44]} 32. Bxf7+ {[%clk 0:02:19]} Kxf7 {[%clk 0:55:55]} 33. e6+
{[%clk 0:02:46]} Kf6 {[%clk 0:47:29]} 34. g5+ {[%clk 0:02:02]} Kf5
{[%clk 0:47:53]} 35. Nd4+ {[%clk 0:02:29]} Kg4 {[%clk 0:47:38]} 36. Nc2
{[%clk 0:00:32]} Kxg5 {[%clk 0:42:16]} 37. d7 {[%clk 0:00:32]} Rc6
{[%clk 0:40:20]} 38. e7 {[%clk 0:00:36]} Bxe7 {[%clk 0:40:45]} 39. Rxe7
{[%clk 0:01:06]} Rd6 {[%clk 0:41:07]} 40. Re3 {[%clk 0:00:34]} Rxd7
{[%clk 0:40:33]} 41. Rxc3 {[%clk 0:01:03]} Ne4 {[%clk 0:40:43]} 42. Re3
{[%clk 0:42:34]} Kf4 {[%clk 1:28:45]} 43. Re2 {[%clk 0:41:50]} g5
{[%clk 1:25:37]} 44. Kg2 {[%clk 0:33:55]} g4 {[%clk 1:19:15]} 45. Nb4
{[%clk 0:32:00]} Rd6 {[%clk 1:04:21]} 46. Nc2 {[%clk 0:31:36]} g6
{[%clk 0:58:47]} 47. Ne1 {[%clk 0:29:50]} Rd1 {[%clk 0:55:59]} 48. Nc2
{[%clk 0:30:02]} Nc3 {[%clk 0:52:53]} 49. Rf2+ {[%clk 0:29:17]} Kg5
{[%clk 0:52:35]} 50. Ne3 {[%clk 0:27:28]} Rd3 {[%clk 0:41:50]} 51. Nf1
{[%clk 0:27:49]} Nd5 {[%clk 0:40:30]} 52. Ra2 {[%clk 0:24:50]} Nf4+
{[%clk 0:40:11]} 53. Kf2 {[%clk 0:25:16]} Rf3+ {[%clk 0:39:58]} 54. Kg1
{[%clk 0:25:35]} Kh4 {[%clk 0:37:42]} 55. Rb2 {[%clk 0:25:02]} Ra3
{[%clk 0:36:49]} 56. Rc2 {[%clk 0:21:56]} Ra1 {[%clk 0:33:21]} 57. Rd2
{[%clk 0:19:02]} Ne6 {[%clk 0:26:02]} 58. Kg2 {[%clk 0:15:15]} Ng5
{[%clk 0:25:43]} 59. Rb2 {[%clk 0:12:35]} Nf3 {[%clk 0:24:06]} 60. Re2
{[%clk 0:12:37]} Rc1 {[%clk 0:17:16]} 61. Nd2 {[%clk 0:05:27]} Ng1
{[%clk 0:13:37]} 62. Re4 {[%clk 0:02:24]} Nh3 {[%clk 0:13:03]} 63. Nf3+
{[%clk 0:02:06]} Kh5 {[%clk 0:13:26]} 64. Kg3 {[%clk 0:01:45]} gxf3 1/2-1/2

[Event "Hastings Masters 2016/17"]
[Site "Hastings, England"]
[Date "2017.01.01"]
[Round "5.3"]
[White "Lalic, Bogdan"]
[Black "Fier, Alexandr"]
[Result "1/2-1/2"]
[WhiteElo "2443"]
[BlackElo "2590"]
[PlyCount "0"]
[EventDate "2016.12.28"]

1. d4 {[%clk 1:39:03]} Nf6 {[%clk 1:40:51]} 2. c4 {[%clk 1:39:26]} g6
{[%clk 1:41:17]} 3. Nc3 {[%clk 1:39:50]} d5 {[%clk 1:41:44]} 4. Nf3
{[%clk 1:40:06]} Bg7 {[%clk 1:42:10]} 5. Bg5 {[%clk 1:40:28]} Ne4
{[%clk 1:42:18]} 6. Bf4 {[%clk 1:40:29]} Nxc3 {[%clk 1:42:30]} 7. bxc3
{[%clk 1:40:51]} dxc4 {[%clk 1:42:56]} 8. e3 {[%clk 1:41:05]} b5 {[%clk 1:42:19]}
9. a4 {[%clk 1:40:37]} c6 {[%clk 1:42:44]} 10. Qb1 {[%clk 1:39:40]} Bf5
{[%clk 1:38:00]} 11. e4 {[%clk 1:39:48]} Bd7 {[%clk 1:38:25]} 12. Bxc4
{[%clk 1:32:26]} bxc4 {[%clk 1:24:46]} 13. Qb7 {[%clk 1:32:45]} Bh3
{[%clk 1:25:11]} 14. gxh3 {[%clk 1:24:30]} Nd7 {[%clk 1:25:36]} 15. Qxc6
{[%clk 1:24:11]} Rc8 {[%clk 1:26:03]} 16. Qb5 {[%clk 1:24:05]} O-O
{[%clk 1:26:21]} 17. O-O {[%clk 1:24:16]} h6 {[%clk 1:24:16]} 18. a5
{[%clk 1:17:08]} f5 {[%clk 1:22:47]} 19. e5 {[%clk 1:14:25]} Qe8 {[%clk 1:20:32]}
20. Rab1 {[%clk 1:10:24]} g5 {[%clk 1:20:52]} 21. e6 {[%clk 1:08:54]} 1/2-1/2

[Event "Hastings Masters 2016/17"]
[Site "Hastings, England"]
[Date "2017.01.01"]
[Round "5.4"]
[White "Flear, Glenn C"]
[Black "Galyas, Miklos"]
[Result "1/2-1/2"]
[WhiteElo "2428"]
[BlackElo "2473"]
[PlyCount "0"]
[EventDate "2016.12.28"]

1. d4 {[%clk 1:40:53]} d5 {[%clk 1:40:47]} 2. c4 {[%clk 1:40:35]} c6
{[%clk 1:41:09]} 3. Nf3 {[%clk 1:38:31]} Nf6 {[%clk 1:41:28]} 4. e3
{[%clk 1:38:49]} Bf5 {[%clk 1:41:42]} 5. Nc3 {[%clk 1:38:58]} a6 {[%clk 1:42:00]}
6. Qb3 {[%clk 1:31:55]} Ra7 {[%clk 1:42:09]} 7. Bd2 {[%clk 1:30:25]} e6
{[%clk 1:41:10]} 8. c5 {[%clk 1:18:30]} Nbd7 {[%clk 1:37:00]} 9. Be2
{[%clk 1:03:25]} h6 {[%clk 1:36:56]} 10. h3 {[%clk 0:55:49]} Be7 {[%clk 1:36:35]}
11. Rc1 {[%clk 0:50:49]} O-O {[%clk 1:35:53]} 12. O-O {[%clk 0:43:13]} Ne4
{[%clk 1:34:36]} 13. Rfd1 {[%clk 0:39:58]} Nxd2 {[%clk 1:18:30]} 14. Rxd2
{[%clk 0:39:37]} Qc7 {[%clk 1:17:43]} 15. Bd3 {[%clk 0:32:36]} Bxd3
{[%clk 1:14:09]} 16. Rxd3 {[%clk 0:33:00]} e5 {[%clk 1:05:24]} 17. Nxe5
{[%clk 0:31:38]} Nxe5 {[%clk 1:03:31]} 18. dxe5 {[%clk 0:32:00]} Qxe5
{[%clk 1:03:53]} 19. Ne2 {[%clk 0:29:07]} a5 {[%clk 0:55:51]} 20. a4
{[%clk 0:27:47]} Bd8 {[%clk 0:50:12]} 21. Nd4 {[%clk 0:22:04]} Bc7
{[%clk 0:50:26]} 22. Nf3 {[%clk 0:22:08]} Qe7 {[%clk 0:47:28]} 23. Kf1
{[%clk 0:17:16]} Bd8 {[%clk 0:43:40]} 24. Rd4 {[%clk 0:15:24]} Ra8
{[%clk 0:42:34]} 25. Qd3 {[%clk 0:11:43]} Qc7 {[%clk 0:37:10]} 26. Qc2
{[%clk 0:06:17]} Re8 {[%clk 0:31:28]} 27. Kg1 {[%clk 0:06:34]} Re6
{[%clk 0:26:15]} 28. e4 {[%clk 0:04:03]} Rxe4 {[%clk 0:25:14]} 29. Rxe4
{[%clk 0:04:28]} dxe4 {[%clk 0:25:35]} 30. Qxe4 {[%clk 0:04:52]} Bf6
{[%clk 0:25:58]} 31. b4 {[%clk 0:05:11]} axb4 {[%clk 0:17:54]} 32. Qxb4
{[%clk 0:05:36]} Be7 {[%clk 0:17:42]} 33. Rb1 {[%clk 0:04:32]} Rd8
{[%clk 0:17:14]} 34. g3 {[%clk 0:03:38]} Rd7 {[%clk 0:15:33]} 35. Kg2
{[%clk 0:04:00]} Bf8 {[%clk 0:13:04]} 36. Rb3 {[%clk 0:04:15]} Qd8
{[%clk 0:10:47]} 37. Re3 {[%clk 0:04:23]} Re7 {[%clk 0:08:16]} 38. Rxe7
{[%clk 0:03:40]} Qxe7 {[%clk 0:08:43]} 39. Qb6 {[%clk 0:01:19]} g5
{[%clk 0:05:40]} 40. Qb1 {[%clk 0:00:55]} Qd7 {[%clk 0:03:28]} 41. Qb4
{[%clk 0:47:57]} Be7 {[%clk 0:39:41]} 42. g4 {[%clk 0:47:21]} Kg7
{[%clk 0:35:48]} 43. Qc3+ {[%clk 0:46:31]} Bf6 {[%clk 0:35:42]} 44. Qb4
{[%clk 0:45:42]} Be7 {[%clk 0:30:06]} 45. Qc3+ {[%clk 0:44:26]} Bf6 1/2-1/2

[Event "Hastings Masters 2016/17"]
[Site "Hastings, England"]
[Date "2017.01.01"]
[Round "5.5"]
[White "Kjartansson, Gudmundur"]
[Black "Bates, Richard A"]
[Result "1/2-1/2"]
[WhiteElo "2468"]
[BlackElo "2347"]
[PlyCount "0"]
[EventDate "2016.12.28"]

1. Nf3 {[%clk 1:40:56]} Nf6 {[%clk 1:39:42]} 2. c4 {[%clk 1:41:16]} g6
{[%clk 1:38:56]} 3. Nc3 {[%clk 1:41:37]} Bg7 {[%clk 1:38:35]} 4. e4
{[%clk 1:41:55]} O-O {[%clk 1:38:39]} 5. d4 {[%clk 1:42:17]} d6 {[%clk 1:38:28]}
6. Be2 {[%clk 1:42:41]} e5 {[%clk 1:36:20]} 7. O-O {[%clk 1:43:01]} Nbd7
{[%clk 1:34:20]} 8. Be3 {[%clk 1:38:58]} h6 {[%clk 1:27:48]} 9. h3
{[%clk 1:28:23]} exd4 {[%clk 1:26:42]} 10. Nxd4 {[%clk 1:26:13]} Re8
{[%clk 1:26:34]} 11. Qc2 {[%clk 1:25:55]} Nc5 {[%clk 1:22:09]} 12. Bf3
{[%clk 1:24:31]} Nh7 {[%clk 1:18:40]} 13. b4 {[%clk 1:09:57]} Ng5
{[%clk 1:03:23]} 14. bxc5 {[%clk 0:45:16]} Bxd4 {[%clk 1:02:56]} 15. Bxd4
{[%clk 0:45:10]} Nxf3+ {[%clk 1:03:09]} 16. gxf3 {[%clk 0:45:35]} Qg5+
{[%clk 1:00:54]} 17. Kh2 {[%clk 0:40:48]} Qf4+ {[%clk 0:54:21]} 18. Kg2
{[%clk 0:40:51]} Qg5+ {[%clk 0:32:32]} 19. Kh2 {[%clk 0:41:08]} Qf4+
{[%clk 0:31:03]} 20. Kg2 {[%clk 0:41:29]} 1/2-1/2

[Event "Hastings Masters 2016/17"]
[Site "Hastings, England"]
[Date "2017.01.01"]
[Round "5.6"]
[White "Haria, Ravi"]
[Black "Praggnanandhaa, R"]
[Result "1/2-1/2"]
[WhiteElo "2382"]
[BlackElo "2452"]
[PlyCount "0"]
[EventDate "2016.12.28"]

1. Nf3 {[%clk 1:39:33]} Nf6 {[%clk 1:40:34]} 2. g3 {[%clk 1:39:51]} g6
{[%clk 1:40:58]} 3. b3 {[%clk 1:40:17]} Bg7 {[%clk 1:41:11]} 4. Bb2
{[%clk 1:40:41]} O-O {[%clk 1:40:47]} 5. Bg2 {[%clk 1:41:05]} d6 {[%clk 1:37:20]}
6. d4 {[%clk 1:40:55]} Nfd7 {[%clk 1:31:07]} 7. O-O {[%clk 1:39:24]} e5
{[%clk 1:29:41]} 8. dxe5 {[%clk 1:34:51]} Nc6 {[%clk 1:27:54]} 9. Qc1
{[%clk 1:32:21]} Ndxe5 {[%clk 1:23:05]} 10. Nxe5 {[%clk 1:30:42]} Nxe5
{[%clk 1:21:59]} 11. c4 {[%clk 1:30:13]} Rb8 {[%clk 1:12:48]} 12. Nc3
{[%clk 1:28:46]} a6 {[%clk 1:06:40]} 13. Rd1 {[%clk 1:23:58]} Nd7
{[%clk 1:04:28]} 14. Nd5 {[%clk 1:10:46]} Bxb2 {[%clk 0:51:54]} 15. Qxb2
{[%clk 1:11:03]} b5 {[%clk 0:50:37]} 16. cxb5 {[%clk 1:02:00]} axb5
{[%clk 0:45:11]} 17. Rac1 {[%clk 0:57:55]} c5 {[%clk 0:39:42]} 18. b4
{[%clk 0:52:39]} c4 {[%clk 0:36:13]} 19. Nc3 {[%clk 0:39:10]} Nf6
{[%clk 0:25:39]} 20. Rd4 {[%clk 0:35:01]} Qe7 {[%clk 0:18:35]} 21. Rcd1
{[%clk 0:33:38]} Rd8 {[%clk 0:14:50]} 22. Qd2 {[%clk 0:31:08]} Rb6
{[%clk 0:12:28]} 23. Qg5 {[%clk 0:23:37]} Kg7 {[%clk 0:06:55]} 24. Rh4
{[%clk 0:21:26]} Ng8 {[%clk 0:04:03]} 25. Qd2 {[%clk 0:20:01]} Rb8
{[%clk 0:02:08]} 26. Rd4 {[%clk 0:19:54]} Bb7 {[%clk 0:01:14]} 27. Rxd6
{[%clk 0:19:27]} Rxd6 {[%clk 0:01:04]} 28. Qxd6 {[%clk 0:19:51]} Qxd6
{[%clk 0:01:27]} 29. Rxd6 {[%clk 0:20:19]} Bxg2 {[%clk 0:01:29]} 30. Kxg2
{[%clk 0:20:47]} Nf6 {[%clk 0:01:41]} 31. f3 {[%clk 0:15:38]} Ne8
{[%clk 0:00:44]} 32. Rc6 {[%clk 0:14:09]} Kf8 {[%clk 0:00:38]} 33. Kf2
{[%clk 0:13:00]} Ke7 {[%clk 0:00:42]} 34. e4 {[%clk 0:12:15]} Kd7
{[%clk 0:00:36]} 35. Rc5 {[%clk 0:10:25]} Nc7 {[%clk 0:00:34]} 36. Ke3
{[%clk 0:08:52]} Kd6 {[%clk 0:00:33]} 37. h4 {[%clk 0:06:43]} Kd7
{[%clk 0:00:35]} 38. f4 {[%clk 0:05:18]} Ra8 {[%clk 0:00:33]} 39. f5
{[%clk 0:02:33]} Ra6 {[%clk 0:00:32]} 40. Nxb5 {[%clk 0:01:40]} Nxb5
{[%clk 0:00:53]} 41. Rxb5 {[%clk 0:02:03]} Rxa2 {[%clk 0:00:54]} 42. Rc5
{[%clk 0:27:56]} Rc2 {[%clk 0:39:35]} 43. Kf4 {[%clk 0:25:45]} f6
{[%clk 0:38:58]} 44. b5 {[%clk 0:24:41]} Rb2 {[%clk 0:37:15]} 45. Rxc4
{[%clk 0:24:11]} Rxb5 {[%clk 0:37:37]} 46. Ra4 {[%clk 0:24:27]} Rb7
{[%clk 0:36:01]} 47. Ra8 {[%clk 0:24:47]} gxf5 {[%clk 0:31:16]} 48. Kxf5
{[%clk 0:21:07]} Ke7 {[%clk 0:31:24]} 49. Rh8 {[%clk 0:21:28]} Rb5+
{[%clk 0:29:41]} 50. Kg4 {[%clk 0:21:42]} Kf7 {[%clk 0:29:11]} 51. Rxh7+
{[%clk 0:22:06]} Kg6 {[%clk 0:29:31]} 52. Rd7 {[%clk 0:21:49]} Re5
{[%clk 0:28:31]} 53. Kf4 {[%clk 0:22:04]} Ra5 {[%clk 0:28:47]} 54. g4
{[%clk 0:15:05]} Ra1 {[%clk 0:27:09]} 55. Rd3 {[%clk 0:15:10]} Ra5
{[%clk 0:27:08]} 56. g5 {[%clk 0:14:17]} fxg5+ {[%clk 0:27:02]} 57. hxg5
{[%clk 0:14:45]} Ra6 {[%clk 0:26:51]} 58. Rh3 {[%clk 0:15:06]} Ra5
{[%clk 0:27:11]} 59. Rh6+ {[%clk 0:15:30]} Kf7 {[%clk 0:27:35]} 60. Rd6
{[%clk 0:13:58]} Rb5 {[%clk 0:27:47]} 61. e5 {[%clk 0:11:58]} Rb1
{[%clk 0:27:50]} 62. Rf6+ {[%clk 0:12:23]} Kg7 {[%clk 0:28:15]} 63. Rd6
{[%clk 0:05:27]} Kf7 {[%clk 0:28:22]} 64. g6+ {[%clk 0:03:09]} Kg7
{[%clk 0:28:11]} 65. Kf5 {[%clk 0:02:52]} Rf1+ {[%clk 0:28:26]} 66. Ke4
{[%clk 0:02:32]} Ra1 {[%clk 0:27:28]} 67. Rb6 {[%clk 0:01:51]} Re1+
{[%clk 0:26:29]} 68. Kd5 {[%clk 0:02:20]} Ra1 {[%clk 0:26:48]} 69. Rc6
{[%clk 0:01:43]} Ra5+ {[%clk 0:26:02]} 70. Kd4 {[%clk 0:01:22]} Ra4+
{[%clk 0:25:31]} 71. Kd5 {[%clk 0:01:14]} Ra5+ {[%clk 0:25:54]} 72. Rc5
{[%clk 0:01:42]} Ra8 {[%clk 0:25:02]} 73. Rc7+ {[%clk 0:00:44]} Kxg6
{[%clk 0:24:15]} 74. Kd6 {[%clk 0:00:51]} Kf5 {[%clk 0:22:16]} 75. Rf7+
{[%clk 0:00:59]} Kg6 {[%clk 0:22:36]} 1/2-1/2

[Event "Hastings Masters 2016/17"]
[Site "Hastings, England"]
[Date "2017.01.01"]
[Round "5.7"]
[White "Tan, Justin"]
[Black "Thybo, Jesper Sondergaard"]
[Result "1/2-1/2"]
[WhiteElo "2451"]
[BlackElo "2352"]
[PlyCount "0"]
[EventDate "2016.12.28"]

1. e4 {[%clk 1:39:31]} c6 {[%clk 1:40:24]} 2. d4 {[%clk 1:39:37]} d5
{[%clk 1:40:46]} 3. Nc3 {[%clk 1:40:01]} dxe4 {[%clk 1:39:21]} 4. Nxe4
{[%clk 1:39:41]} Bf5 {[%clk 1:37:16]} 5. Ng3 {[%clk 1:40:05]} Bg6
{[%clk 1:37:42]} 6. Nh3 {[%clk 1:35:23]} e6 {[%clk 1:27:27]} 7. Nf4
{[%clk 1:35:13]} Bd6 {[%clk 1:27:53]} 8. Ngh5 {[%clk 1:33:52]} Nf6
{[%clk 1:00:05]} 9. Nxg7+ {[%clk 1:23:55]} Ke7 {[%clk 0:57:41]} 10. h4
{[%clk 1:12:46]} Rg8 {[%clk 0:40:06]} 11. h5 {[%clk 1:11:09]} Bxc2
{[%clk 0:39:42]} 12. Qxc2 {[%clk 1:10:42]} Rxg7 {[%clk 0:40:06]} 13. Rh4
{[%clk 0:57:39]} Na6 {[%clk 0:31:11]} 14. h6 {[%clk 0:49:32]} Rg8
{[%clk 0:29:48]} 15. Bxa6 {[%clk 0:44:25]} Qa5+ {[%clk 0:29:31]} 16. Bd2
{[%clk 0:43:48]} Qxa6 {[%clk 0:29:57]} 17. g3 {[%clk 0:42:48]} Rg5
{[%clk 0:18:24]} 18. Nxe6 {[%clk 0:30:35]} Rxg3 {[%clk 0:18:38]} 19. O-O-O
{[%clk 0:30:55]} Rg6 {[%clk 0:13:55]} 20. Nf4 {[%clk 0:28:35]} Bxf4
{[%clk 0:13:34]} 21. Rxf4 {[%clk 0:21:04]} Qxa2 {[%clk 0:10:46]} 22. Qc5+
{[%clk 0:18:53]} Kd7 {[%clk 0:10:06]} 23. d5 {[%clk 0:17:00]} cxd5
{[%clk 0:09:00]} 24. Qb5+ {[%clk 0:15:33]} Kd8 {[%clk 0:05:38]} 25. Ba5+
{[%clk 0:14:26]} b6 {[%clk 0:05:49]} 26. Bc3 {[%clk 0:06:49]} Rc8
{[%clk 0:05:35]} 27. Ra4 {[%clk 0:06:59]} Rxc3+ {[%clk 0:05:32]} 28. bxc3
{[%clk 0:07:24]} Qxf2 {[%clk 0:05:51]} 29. Rxa7 {[%clk 0:07:08]} Qc5
{[%clk 0:04:22]} 30. Qxc5 {[%clk 0:02:59]} bxc5 {[%clk 0:04:48]} 31. Rxf7
{[%clk 0:02:03]} Rxh6 {[%clk 0:04:30]} 32. c4 {[%clk 0:01:59]} Ke8
{[%clk 0:03:25]} 33. Ra7 {[%clk 0:01:51]} dxc4 {[%clk 0:03:05]} 34. Re1+
{[%clk 0:01:14]} Kf8 {[%clk 0:03:22]} 35. Ree7 {[%clk 0:01:03]} Rg6
{[%clk 0:01:36]} 36. Rf7+ {[%clk 0:01:16]} Kg8 {[%clk 0:01:59]} 37. Rfb7
{[%clk 0:00:57]} Kh8 {[%clk 0:02:10]} 38. Rf7 1/2-1/2

[Event "Hastings Masters 2016/17"]
[Site "Hastings, England"]
[Date "2017.01.01"]
[Round "5.8"]
[White "Sethuraman, S.P."]
[Black "Boino, Claudio"]
[Result "1-0"]
[WhiteElo "2647"]
[BlackElo "2066"]
[PlyCount "0"]
[EventDate "2016.12.28"]

1. e4 {[%clk 1:40:54]} e5 {[%clk 1:40:55]} 2. Nf3 {[%clk 1:41:18]} Nc6
{[%clk 1:41:20]} 3. Bc4 {[%clk 1:41:24]} Nf6 {[%clk 1:41:43]} 4. d3
{[%clk 1:41:33]} Be7 {[%clk 1:42:07]} 5. O-O {[%clk 1:41:23]} O-O 6. Re1
{[%clk 1:41:21]} d6 {[%clk 1:42:56]} 7. a4 {[%clk 1:40:48]} Na5 {[%clk 1:43:05]}
8. Ba2 {[%clk 1:40:49]} c5 {[%clk 1:43:29]} 9. c3 {[%clk 1:39:34]} Nc6
{[%clk 1:43:38]} 10. Na3 {[%clk 1:38:36]} a6 {[%clk 1:43:47]} 11. Bd2
{[%clk 1:36:54]} Be6 {[%clk 1:25:16]} 12. Bxe6 {[%clk 1:36:43]} fxe6
{[%clk 1:25:39]} 13. b4 {[%clk 1:36:57]} cxb4 {[%clk 1:24:15]} 14. cxb4
{[%clk 1:37:22]} h6 {[%clk 1:11:15]} 15. Qb3 {[%clk 1:36:43]} Qd7
{[%clk 1:10:48]} 16. Nc4 {[%clk 1:34:35]} Bd8 {[%clk 1:05:14]} 17. b5
{[%clk 1:30:42]} Nd4 {[%clk 1:00:51]} 18. Nxd4 {[%clk 1:30:49]} exd4
{[%clk 1:01:14]} 19. bxa6 {[%clk 1:18:38]} bxa6 {[%clk 0:53:42]} 20. Bb4
{[%clk 1:18:33]} d5 {[%clk 0:46:24]} 21. exd5 {[%clk 1:11:57]} exd5
{[%clk 0:42:43]} 22. Nb6 {[%clk 1:12:08]} Bxb6 {[%clk 0:35:19]} 23. Bxf8
{[%clk 1:12:22]} Ba5 {[%clk 0:34:05]} 24. Re7 {[%clk 1:12:44]} Qd8
{[%clk 0:34:18]} 25. Bxg7 {[%clk 1:13:03]} Rb8 {[%clk 0:26:14]} 26. Rb7
{[%clk 1:13:03]} Rxb7 {[%clk 0:26:28]} 27. Qxb7 {[%clk 1:13:28]} Ng4
{[%clk 0:26:40]} 28. Bxd4 {[%clk 1:13:41]} Bc7 {[%clk 0:26:47]} 29. Rc1
{[%clk 1:13:50]} 1-0

[Event "Hastings Masters 2016/17"]
[Site "Hastings, England"]
[Date "2017.01.01"]
[Round "5.9"]
[White "Gledura, Benjamin"]
[Black "Cunningham, Robin"]
[Result "1-0"]
[WhiteElo "2584"]
[BlackElo "2263"]
[PlyCount "0"]
[EventDate "2016.12.28"]

1. Nf3 {[%clk 1:40:56]} d5 {[%clk 1:40:47]} 2. g3 {[%clk 1:41:16]} Nf6
{[%clk 1:41:05]} 3. Bg2 {[%clk 1:41:40]} e6 {[%clk 1:41:07]} 4. O-O
{[%clk 1:42:03]} Be7 {[%clk 1:40:56]} 5. c4 {[%clk 1:42:22]} O-O {[%clk 1:40:58]}
6. d4 {[%clk 1:42:17]} dxc4 {[%clk 1:39:15]} 7. Qc2 {[%clk 1:36:28]} a6
{[%clk 1:38:00]} 8. a4 {[%clk 1:36:34]} Bd7 {[%clk 1:37:23]} 9. Qxc4
{[%clk 1:36:57]} Bc6 {[%clk 1:37:17]} 10. Bg5 {[%clk 1:36:49]} a5
{[%clk 1:22:05]} 11. e3 {[%clk 1:34:21]} Ra6 {[%clk 1:18:52]} 12. Qc2
{[%clk 1:24:37]} Rb6 {[%clk 1:09:40]} 13. Nbd2 {[%clk 1:24:31]} Na6
{[%clk 1:10:03]} 14. Bxf6 {[%clk 1:20:16]} gxf6 {[%clk 1:04:05]} 15. Nc4
{[%clk 1:18:06]} Nb4 {[%clk 1:04:19]} 16. Qe2 {[%clk 1:18:05]} Ra6
{[%clk 0:54:35]} 17. Rfc1 {[%clk 1:13:39]} Be4 {[%clk 0:41:20]} 18. Ne1
{[%clk 1:13:35]} Bxg2 {[%clk 0:41:33]} 19. Nxg2 {[%clk 1:13:19]} c6
{[%clk 0:36:37]} 20. Nf4 {[%clk 1:12:26]} Nd5 {[%clk 0:35:25]} 21. Nd3
{[%clk 1:12:16]} Ra8 {[%clk 0:34:16]} 22. Rd1 {[%clk 1:10:22]} f5
{[%clk 0:29:44]} 23. Rac1 {[%clk 1:08:39]} Kh8 {[%clk 0:29:46]} 24. Nc5
{[%clk 1:04:38]} b6 {[%clk 0:26:20]} 25. Nd3 {[%clk 1:04:56]} Rc8
{[%clk 0:26:46]} 26. Qf3 {[%clk 0:57:22]} Qe8 {[%clk 0:24:01]} 27. b3
{[%clk 0:56:59]} c5 {[%clk 0:21:37]} 28. Nf4 {[%clk 0:55:14]} Nxf4
{[%clk 0:20:06]} 29. Qxf4 {[%clk 0:55:38]} Qc6 {[%clk 0:20:11]} 30. Ne5
{[%clk 0:55:09]} Qe4 {[%clk 0:11:55]} 31. Qxe4 {[%clk 0:54:01]} fxe4
{[%clk 0:12:21]} 32. d5 {[%clk 0:53:23]} exd5 {[%clk 0:07:08]} 33. Rxd5
{[%clk 0:53:42]} Kg7 {[%clk 0:06:47]} 34. Rcd1 {[%clk 0:51:38]} Rfd8
{[%clk 0:06:21]} 35. Nc4 {[%clk 0:51:46]} Rxd5 {[%clk 0:03:53]} 36. Rxd5
{[%clk 0:52:10]} Rd8 {[%clk 0:04:21]} 37. Rxd8 {[%clk 0:49:11]} Bxd8
{[%clk 0:04:49]} 38. Nd6 {[%clk 0:49:28]} Kf6 {[%clk 0:05:11]} 39. Nxe4+
{[%clk 0:48:24]} Ke5 {[%clk 0:05:36]} 40. Nd2 {[%clk 0:47:46]} Kd5
{[%clk 0:05:40]} 41. Kf1 {[%clk 0:46:51]} c4 {[%clk 0:02:12]} 42. Nxc4
{[%clk 0:45:35]} b5 {[%clk 0:02:34]} 43. axb5 {[%clk 0:40:51]} a4
{[%clk 0:02:55]} 44. Ke2 {[%clk 0:41:12]} axb3 {[%clk 0:50:05]} 45. Kd3
{[%clk 1:31:37]} Bf6 {[%clk 0:49:14]} 46. Nd2 {[%clk 1:31:19]} b2
{[%clk 0:49:03]} 47. Kc2 {[%clk 1:31:45]} Kc5 {[%clk 0:48:35]} 48. Ne4+ 1-0